1199 1361 1565 1801 1019 1902 1821 1663 1121 1787 1240 1644 1216 1554 1897 1412 1547 1954 1427 1365 1823 1258 1553 1231 1173 1265 1744 1956 1701 1680 1908 1692 1866 1567 1400 1740 1199 1867 1919 1427 1115 1506 1600 1819 1971 1898 1591 1334 1235 1750 1834 1858 1487 1786 1822 1497 1905 1797 1464 1806 1114 1313 1292 1163 1549 1162 1403 1416 1745 1295 1414 1504 1795 1823 1916 1694 1331 1736 1655 1150 1813 1586 1333 1104 1203 1645 1191 1937 1449 1245 1388 1395 1948 1342 1030 1807 1806 1057 1394 BCNSPRNW ULIB Ver.6.0+V

เปลี่ยนเป็นภาษาไทย

Change to English
 แสดงรายละเอียดบรรณานุกรม
  กลับหน้าหลัก

Brief Record : Get Marc (ISO 2709) : E-mail record : QR code < ปิดหน้าต่าง
LEADER : 00000nam 2200000uu 4500
001    13399126928
003     ULIB
008    190905s2562||||th 000 0 tha d
020    ^a9786164261327
060 04 ^aWG102^bก185ส
100 0  ^aกรองกาญจน์ ชูทิพย์
245 10 ^aสรีรวิทยาระบบหัวใจร่วมหลอดเลือดกับการประยุกต์ใช้ทางเภสัชวิทยา =^bCardiovascular physiology and pharmacological Applications /^cกรองกาญจน์ ชูทิพย์
250    ^aพิมพ์ครั้งที่ 3
260    ^aพิษณุโลก :^bสำนักพิมพ์มหาวิทยาลัยนเรศวร,^c2562
300    ^ax, 540 หน้า :^bภาพประกอบ ;^c27 ซม.
500    ^aผู้ใหญ่
505 0  ^a1.บทนำสรีรวิทยาระบบหัวใจร่วมหลอดเลือด--2.คุณสมบัติทางไฟฟ้าของหัวใจ--3.คุณสมบัติเชิงกลของหัวใจ--4.สรีรวิทยาของหลอดเลือด--5.การควบคุมการทำงานของระบบหัวใจร่วมหลอดเลือด--6.สรีรวิทยาของหลอดเลือดกับการประยุกต์ใช้ในงานวิจัยพื้นฐาน
650  2 ^aCardiovascular Physiological Phenomena
650  2 ^aCardiovascular System^xanatomy & histology
650  2 ^aRespiratory Physiology
650  2 ^aRespiratory System^xanatomy & histology
650  4 ^aหัวใจ^xสรีรวิทยา
650  4 ^aหัวใจร่วมหลอดเลือด, ระบบ^xสรีรวิทยา
650  0 ^aมหาวิทยาลัยนเรศวร
710 2  ^aมหาวิทยาลัยนเรศวร.^bคณะวิทยาศาสตร์การแพทย์.^bภาควิชาสรีรวิทยา
945    ^p590^l0^i27616
945    ^p590^l0^i27615
945    ^p590^l0^i27614
945    ^p590^l0^i27613
945    ^p590^l0^i27612
999    ^aกัณชพร จุลอักษร
รายการนี้ยังไม่มีแท็ก
คุณยังไม่ได้ล็อกอิน คุณสามารถมีกิจกรรมร่วมกับเว็บไซต์ได้ แต่ต้องล็อกอินก่อน ::
  ล็อกอิน

รายการสื่อสารสนเทศ

ลำดับที่ ประเภท เลขเรียก/บาร์โค้ด สถานที่ สถานะ
1. หนังสือสำรอง
หนังสือสำรอง
WG102 ก185ส ฉ.1 
  Barcode: 27612
ห้องสมุดวิทยาเขตนครสวรรค์
►หนังสือทั่วไป:l:General Books
บนชั้น
2. วิทยาศาสตร์การแพทย์ และสุขภาพ
วิทยาศาสตร์การแพทย์ และสุขภาพ
WG102 ก185ส ฉ.2 
  Barcode: 27613
ห้องสมุดวิทยาเขตนครสวรรค์
►หนังสือทั่วไป:l:General Books
บนชั้น
3. วิทยาศาสตร์การแพทย์ และสุขภาพ
วิทยาศาสตร์การแพทย์ และสุขภาพ
WG102 ก185ส ฉ.3 
  Barcode: 27614
ห้องสมุดวิทยาเขตนครสวรรค์
►หนังสือทั่วไป:l:General Books
บนชั้น
4. วิทยาศาสตร์การแพทย์ และสุขภาพ
วิทยาศาสตร์การแพทย์ และสุขภาพ
WG102 ก185ส ฉ.4 
  Barcode: 27615
ห้องสมุดวิทยาเขตนครสวรรค์
►หนังสือทั่วไป:l:General Books
บนชั้น
5. วิทยาศาสตร์การแพทย์ และสุขภาพ
วิทยาศาสตร์การแพทย์ และสุขภาพ
WG102 ก185ส ฉ.5 
  Barcode: 27616
ห้องสมุดวิทยาเขตนครสวรรค์
►หนังสือทั่วไป:l:General Books
บนชั้น

รายการใกล้เคียง
    ผู้แต่ง [กรองกาญจน์ ชูทิพย์]

    หัวเรื่อง [Cardiovascular Physiological Phenomena]
    หัวเรื่อง [Respiratory Physiology]
    หัวเรื่อง [มหาวิทยาลัยนเรศวร]

BibComment


ยังไม่เคยถูกคอมเมนท์

คอมเมนท์ทรัพยากรรายการนี้
  คอมเมนท์: สรีรวิทยาระบบหัว..


 Copyright 2026. Bcnsprnw @Library